| 000 | 00416pab a2200169 454500 | ||
|---|---|---|---|
| 008 | 180718b2012 xxu||||| |||| 00| 0 eng d | ||
| 100 | _aGulati, Archana G. | ||
| 245 | _aICT infrastructure and services for rural India | ||
| 260 | _c2012 | ||
| 300 | _ap.10-13. | ||
| 362 | _aOct | ||
| 650 | _aRural development - India | ||
| 650 | _aRural development | ||
| 773 | _aKurukshetra | ||
| 908 | _aN | ||
| 909 | _a97958 | ||
| 999 |
_c97957 _d97957 |
||